Η ελευθερία ως υπέρβαση του ετεροκαθορισμού στη φιλοσοφική θεώρηση του Αθανάσιου Ψαλίδα
Αποθηκεύτηκε σε:
| Κύριος συγγραφέας: | |
|---|---|
| Μορφή: | Βιβλίο |
| Γλώσσα: | Greek |
| Δημοσίευση: |
Αθήνα :
Ακαδημία Αθηνών. Κέντρον Ερεύνης της Ελληνικής Φιλοσοφίας,
1997
|
| Θέματα: | |
| Ετικέτες: |
Προσθήκη ετικέτας
Δεν υπάρχουν, Καταχωρήστε ετικέτα πρώτοι!
|
MARC
| LEADER | 00000nam a2200000 i 4500 | ||
|---|---|---|---|
| 001 | 1/11314 | ||
| 008 | 000911s1997 gre d | ||
| 035 | |l 10063787 | ||
| 040 | |a GR-MY-UA |b gre |e aacr | ||
| 041 | 0 | |a gre | |
| 082 | 0 | |a 199.495 | |
| 100 | 1 | |a Πέτσιος, Κώστας Θ. | |
| 245 | 1 | 2 | |a Η ελευθερία ως υπέρβαση του ετεροκαθορισμού στη φιλοσοφική θεώρηση του Αθανάσιου Ψαλίδα |h [ανάτυπο] / |c Κώστας Θ. Πέτσιος |
| 260 | |a Αθήνα : |b Ακαδημία Αθηνών. Κέντρον Ερεύνης της Ελληνικής Φιλοσοφίας, |c 1997 | ||
| 300 | |a 163-182 σ.; |c 24 cm | ||
| 500 | |a Από την "Εννοια της Ελευθερίας στο Νεοελληνικό Στοχασμό," ημίτομος δεύτερος | ||
| 650 | 0 | 0 | |a Philosophy, Greek (Modern) |
| 650 | 0 | 0 | |a Liberty. |
| 852 | |a INST |b RHODES |e 20000911 |h 199.495 ΠΕΤ |p 005400013572 |q 005400013572 |t BK |y 0 | ||
| 901 | |a BIBL4-2000-2 | ||
| 909 | |a Ρ |b 073726 | ||
| 922 | |a 4ΔΩΡ |b 200004 | ||
| 970 | |z 2000/09/ΧΡΥΣΑΝΘΗ | ||